Wilfred Owen : anthem for a doomed youth /

Bibliographic Details
Main Author: Simcox, Kenneth
Format: Book
Language:English
Published: London, England ; Totowa, N.J. : Woburn Press, 1987.
Subjects:

MARC

Tag First Indicator Second Indicator Subfields
LEADER 00000cam a2200000 a 4500
001 in00000017238
005 20151007053423.0
008 861121s1987 enkaf b 001 0beng
010 |a  86028272  
020 |a 0713001798 :  |c £30.00 
035 |a (OCoLC)14931123 
035 |9 AAB1597AM 
040 |a DLC  |c DLC  |d TXA  |d UtOrBLW 
049 |a TXAM  |c [A11466355] 
050 0 0 |a PR6029.W4  |b Z83 1987 
082 0 |a 821/.912  |a B  |2 19 
100 1 |a Simcox, Kenneth. 
245 1 0 |a Wilfred Owen :  |b anthem for a doomed youth /  |c Kenneth Simcox. 
264 1 |a London, England ;  |a Totowa, N.J. :  |b Woburn Press,  |c 1987. 
300 |a 166 pages, 9 unnumbered pages of plates :  |b illustrations ;  |c 24 cm. 
336 |a text  |b txt  |2 rdacontent 
337 |a unmediated  |b n  |2 rdamedia 
338 |a volume  |b nc  |2 rdacarrier 
504 |a Bibliography: pages [152]-157. 
500 |a Includes index. 
536 |a The Cushing Library/Lit./Mitchell copy was acquired by Cushing as part of the Dominic Hibberd World War I Poets Collection. 
600 1 0 |a Owen, Wilfred,  |d 1893-1918. 
650 0 |a Poets, English  |y 20th century  |v Biography. 
650 0 |a World War, 1914-1918  |x Literature and the war. 
999 |a MARS 
999 f f |s be1f6ff4-0e10-3318-9011-8252a8b583a1  |i 4fa01ec6-831f-3ff7-b9ef-84d619eab3c8  |t 0 
952 f f |p normal  |a Texas A&M University  |b College Station  |c Sterling C. Evans Library  |d Evans: Library Stacks  |t 0  |e PR6029.W4 Z83 1987  |h Library of Congress classification  |i unmediated -- volume  |m A14811466355 
952 f f |p noncirc  |a Texas A&M University  |b College Station  |c Cushing Memorial Library & Archives  |d Cushing: Literature/Mitchell (Does not check out)  |t 0  |e PR6029.W4 Z83 1987  |h Library of Congress classification  |i unmediated -- volume 
998 f f |a PR6029.W4 Z83 1987  |t 0  |l Cushing: Literature/Mitchell (Does not check out) 
998 f f |a PR6029.W4 Z83 1987  |t 0  |l Evans: Library Stacks